<?xml version="1.0" encoding="UTF-8"?>
<marc:record xmlns:marc="http://www.loc.gov/MARC21/slim">
   <marc:leader>00000nam a2200000 a 4500</marc:leader>
   <marc:datafield ind1="1" ind2=" " tag="100">
      <marc:subfield code="a">Oberthür, Rainer</marc:subfield>
      <marc:subfield code="4">aut</marc:subfield>
      <marc:subfield code="e">Verfasser/-in</marc:subfield>
   </marc:datafield>
   <marc:datafield ind1="1" ind2=" " tag="100">
      <marc:subfield code="a">Greune, Mascha</marc:subfield>
   </marc:datafield>
   <marc:datafield ind1=" " ind2=" " tag="653">
      <marc:subfield code="a">Philosophie</marc:subfield>
   </marc:datafield>
   <marc:datafield ind1="0" ind2="0" tag="245">
      <marc:subfield code="a">Neles Tagebuch</marc:subfield>
   </marc:datafield>
   <marc:datafield ind1="0" ind2="0" tag="245">
      <marc:subfield code="b">zum Staunen, Nachdenken und Mitmachen</marc:subfield>
   </marc:datafield>
   <marc:datafield ind1="0" ind2="0" tag="245">
      <marc:subfield code="c">Rainer Oberthür .  Ill. von Mascha Greune</marc:subfield>
   </marc:datafield>
   <marc:datafield ind1=" " ind2="1" tag="264">
      <marc:subfield code="a">München</marc:subfield>
      <marc:subfield code="b">Kösel</marc:subfield>
      <marc:subfield code="c">2006</marc:subfield>
   </marc:datafield>
   <marc:datafield ind1="1" ind2=" " tag="520">
      <marc:subfield code="a">"Ich denke, also bin ich", stellte einst schon René Descartes fest und eben dieser Philosophie ist auch die nunmehr elfjährige Protagonistin Nele in "ihrem" zweiten Buch verpflichtet. Voller Neugier und Entdeckungslust hat das Mädchen Geschichten, Bilder, Alltagssituationen und Sinnfragen, Nachdenkliches, Trauriges und Witziges zusammengetragen und mit der Frage nach Gott verbunden. In immer wiederkehrenden Rubriken wie Fragen über Fragen, Geschichten über Geschichten, Selber schreiben und malen, Experimente zum Staunen, Das geheime Wissen der Pinguine oder Fragen nach Woher und Wohin, nach Warum und nach Sinn, wird Wissen aus religionspädagogischer Sicht ohne didaktischen Zeigefinger vermittelt und die Freude an Gedankenexperimenten gefördert. *STUBE*</marc:subfield>
   </marc:datafield>
   <marc:datafield ind1=" " ind2=" " tag="020">
      <marc:subfield code="a">9783466367320</marc:subfield>
      <marc:subfield code="9">9783466367320</marc:subfield>
   </marc:datafield>
   <marc:datafield ind1=" " ind2=" " tag="020">
      <marc:subfield code="a">3466367328</marc:subfield>
      <marc:subfield code="9">3466367328</marc:subfield>
   </marc:datafield>
   <marc:datafield ind1=" " ind2=" " tag="300">
      <marc:subfield code="a">175 S.: Ill.</marc:subfield>
   </marc:datafield>
</marc:record>
